000 02339nam0a22005291 4500
001 RU\NLR\A1SV\104600
005 20260123095106.0
035 _a(NLR Aleph) 009785953
090 _a10115650
_c10115650
100 _a20100617d1926 u y0rusy50 ca
101 0 _arus
102 _aRU
200 1 _aПрошлое и настоящее Костромского края
_e[Сб. ст.]
_f[Костром. губ. испол. ком
_gПредисл.: И.Чернядьев]
210 _aКострома
_cТиполит. "Север. правда"
_d1926
215 _a[4], 427, [3] с.
_d17 см
300 _aКоллектив указан на обл.
300 _aИз предисл.: Общая ред. принадлежит коллегии, в состав которой вошли т.т. А.В. Высоцкий, Е.Ф.Дюбюк, П.В.Калачев [и др.]
327 0 _aАвт.: А.Рождественский, Г.Г.Еремин, М.Вейденбаум, И.Ожогин, А.Шуммер, В.Смирнов, Ф.Рязановский, А.Высоцкий, А.Ковальковский, Е.Дюбюк и др.
620 _dКострома
702 1 _aЧернядьев
_bН.
702 1 _aКалачев
_bП.В.
702 1 _aВысоцкий
_bА.В.
_f1897-
_gАнатолий Васильевич
702 1 _aРождественский
_bА.
702 1 _aЕремин
_bГ.Г.
_f1892-
_gГеннадий Геннадиевич
702 1 _aВейденбаум
_bМ.А.
_f1880-
_gМаксимилиан Адольфович
702 1 _aОжогин
_bИ.
702 1 _aШуммер
_bА.А.
_f1875-
_gАлександр Алексеевич
702 1 _aСмирнов
_bВ.
702 1 _aРязановский
_bФ.А.
_f1887-1935/6
_gФедор Алексеевич
702 1 _aКовальклвский
_bА.
702 1 _aДюбюк
_bЕ.Ф.
_f1876-1942
_gЕвгений Федорович
801 0 _aRU
_bNLR
_c20100617
852 _aNLR
_j18.391.8.16
852 _aNLR
_j50/146
899 _aВладОУНБ
899 _aКирОУНБ
899 _aГИМ
899 _aГПИБ
899 _aЯИАМЗ
899 _aРГБ
899 _aСПбГУ
899 _aМГУ
899 _aКостОУНБ
942 _cBOOK
980 _aA1SV
980 _aNB